| 000 | 00871nam a2200229Ii 4500 | ||
|---|---|---|---|
| 003 | JO-AjNU | ||
| 008 | 230605s9999||||xx |||||||||||||| ||und|| | ||
| 017 | _a2020/8706 | ||
| 020 | _a978-977-841-131-7 | ||
| 040 |
_aJO-AjNU _bara _erda _cJO-AjNU |
||
| 041 | _aara | ||
| 050 | 1 | 4 | _aK845.2021 |
| 100 | 3 |
_aفياض، احمد حسين, _eauthor _961786 |
|
| 245 | 0 | 0 | _aالنظام القانوني لاسناد التعبير الالكتروني عن الارادة في التعاقد عن بعد: دراسة مقارنة |
| 250 | _aط1 | ||
| 264 | 3 | 1 | _aالقاهرة: المركز العربي للنشر والتوزيع، 2021 |
| 300 | _a236ص | ||
| 336 |
_atext _btxt _2rdacontent |
||
| 337 |
_aunmediated _bn _2rdamedia |
||
| 338 |
_avolume _bnc _2rdacarrier |
||
| 650 | 4 |
_aالتعبير الالكتروني-القانون-التعاقد عن بعد _961787 |
|
| 999 |
_aA27946 _c31514 _d31514 |
||